000 00355nam a2200145Ia 4500
005 20251028144136.0
020 _a9786202319812
050 _aHF 5635 .O35/
100 _aOfili, Ugwudioha M.
245 0 _aFundamentals of accounting
260 _c2018
_aMauritius
_bScholar's Press
300 _a305 p
650 _aFinancial statements
942 _cBK
_2lcc
999 _c43943
_d43943